000 00557nam a2200217Ia 4500
003 OSt
005 20220924143043.0
006 a|||||r|||| 00| 0
007 ta
008 220923b |||||||| |||| 00| 0 ori d
024 _a304531
037 _cTextual
040 _aARTS
_cARTS
_bORI
041 _2ORI
_aORI
082 _aO1591:g, L4.2
100 _aRautrg Sachchidanand
_9214685
245 0 _aSahityare mullyabodha Vol.2.
260 _c1974
942 _hO1591:g, L4.2
_cTEXL
_2CC
999 _c453030
_d453030